000 00594nam a2200229 i 4500
001 000023617
003 DO-SdBNP
005 20230511110131.0
007 ta
008 101215s1960 sp r 001 0 spa d
040 _aDO-SdBNP
_bspa
_cBNPHU
_erda
049 _aBNGR
082 4 _a863.3
_bC419i 1960
_222
245 0 3 _aEl ingenioso hidalgo Miguel de Cervantes Saavedra /
250 _a3a ed.
264 _aMadrid :
_bEspasa Calpe,
_c1960.
300 _a348 páginas ;
_c18 cm.
490 _aAustral ;
_v401
590 _aInventariado, 2023/BT
910 _aBtavárez
942 _2ddc
_cLBS1
999 _c23113
_d23113